000 00934nam a22002897a 4500
999 _c188608
_d188608
001 A-644395
003 dpl
005 20220528130136.0
008 220528b ||||| |||| 00| 0 eng d
010 _aA-859140
020 _c00.00
_a0603550134
035 _aA-644395
037 _bCen Lib/Ret
040 _aDPL
_bEN
_cdpl
082 _a001
_bLEO
100 _aLeokum, Arkady
_937574
245 _aLots More tell me why :
_cby Arkady Leokum;illustrated by Cynthia Iliff KLoehler [and] Alvin Koehler
_banswers to Three hundreds of questions children ask /
260 _aLondon
_bDean
_c1991
270 _aLondon
_bLondon
300 _a397p. :
_c22cm(Hb)
_bill.
500 _aIncludes index
650 _aChildren's questions and answers
_937575
650 _aQuestions and answers
_937576
700 _96520
_a Koehler, Alvin
700 _aKoehler, Cynthia Iliff
_937577
942 _2ddc
_cEN
_h001
_mLEO